Normal view
MARC view
- Differential equations
Entry Geographic Name
001 - CONTROL NUMBER
- control field: 103261
003 - CONTROL NUMBER IDENTIFIER
- control field: NUST
005 - DATE AND TIME OF LATEST TRANSACTION
- control field: 20221121120719.0
008 - FIXED-LENGTH DATA ELEMENTS
- fixed length control field: 221121|| aca||aabn | a|a d
040 ## - CATALOGING SOURCE
- Original cataloging agency: NUST
- Transcribing agency: NUST
151 ## - HEADING--GEOGRAPHIC NAME
- Geographic name: Differential equations
670 ## - SOURCE DATA FOUND
- Source citation: Work cat.: (NUST)208031: Bronson,Richard 36440, Theory and problems of differential equations / , 1973
